000 00845naa a22002537a 4500
001 vtls000028211
003 ES-BaIT
005 20260415173029.0
007 t|
008 111114s1998 spc|||||| |00| |cat|d
010 _a28211
035 _a0028-21160
039 9 _a201403072317
_bVLOAD
_c201303092013
_dVLOAD
_c201111141540
_dVLOAD
041 1 _acat
_hger
100 1 _aSchnitzler, Arthur,
_d1862-1931
_945679
240 1 0 _aDenksteine.
_lCatalà
245 1 0 _aPedres commemoratives /
_cArthur Schnitzler ; traducció de Feliu Formosa
500 _aP2: D1, H1
500 _aForma part de: Anatol
773 0 _aSchnitzler, Arthur /
_dBarcelona : Institut del Teatre, Diputació de Barcelona, 1998
_wvtls000028092
_z84-7794-540-3
_024434
_tAnatol ; La megalomania d'Anatol
790 _w0028-09260
790 _a002809260
942 _cART
_2udc
999 _c24550
_d24550